In the expert witness box (Record no. 74426)

MARC details
000 -LEADER
fixed length control field 01540cab a2200277 4500
001 - CONTROL NUMBER
control field ABS67955
008 - FIXED-LENGTH DATA ELEMENTS--GENERAL INFORMATION
fixed length control field 040617n2004 000 0 eng u
035 ## - SYSTEM CONTROL NUMBER
System control number (Sirsi) u126493
041 0# - LANGUAGE CODE
Language code of text/sound track or separate title eng
100 1# - MAIN ENTRY--PERSONAL NAME
Personal name Bevans, G.
245 00 - TITLE STATEMENT
Title In the expert witness box
260 ## - PUBLICATION, DISTRIBUTION, ETC.
Date of publication, distribution, etc. 2004
490 #0 - SERIES STATEMENT
Series statement RICS Business
Volume/sequential designation May 2004, 22-23(2)
520 ## - SUMMARY, ETC.
Summary, etc. Considers how RICS members earning fees from conducting expert witness work can avoid the many serious pitfalls of this kind of work in the UK. Highlights the central importance of a clear understanding of the RICS mandatory practice statement "Surveyors acting as expert witnesses: RICS practice statement and guidance note" (ISBN 0854069607) and the Civil Procedure Rules. Looks at the expert witness's primary duty to the court or tribunal, the question of fees and the problems arising when a surveyor acts in the dual role of expert witness and advocate. Describes the purpose and remit of the RICS Expert Witness Registration Scheme.
590 ## - LOCAL NOTE (RLIN)
Local note ABS
650 24 - SUBJECT ADDED ENTRY--TOPICAL TERM
Topical term or geographic name entry element CIVIL PROCEDURE RULES
650 24 - SUBJECT ADDED ENTRY--TOPICAL TERM
Topical term or geographic name entry element RICS EXPERT WITNESS REGISTRATION SCHEME
650 24 - SUBJECT ADDED ENTRY--TOPICAL TERM
Topical term or geographic name entry element NATIONAL JUSTICE COMPANIA V PRUDENTIAL ASSURANCE CO LTD
650 24 - SUBJECT ADDED ENTRY--TOPICAL TERM
Topical term or geographic name entry element NATIONAL JUSTICE COMPANIA V PRUDENTIAL ASSURANCE CO LTD
650 24 - SUBJECT ADDED ENTRY--TOPICAL TERM
Topical term or geographic name entry element MULTIMEDIA PRODUCTIONS LTD V SOS ENVIRONMENT
651 #4 - SUBJECT ADDED ENTRY--GEOGRAPHIC NAME
Geographic name England and Wales
Chronological subdivision 1543-
690 ## - LOCAL SUBJECT ADDED ENTRY--TOPICAL TERM (OCLC, RLIN)
Topical term or geographic name as entry element MANAGEMENT-DISPUTE AVOIDANCE, MANAGEMENT AND RESOLUTION-DISPUTE MANAGEMENT AND RESOLUTION-EXPERT WITNESSES
700 1# - ADDED ENTRY--PERSONAL NAME
Personal name Walker, Terry
700 1# - ADDED ENTRY--PERSONAL NAME
Personal name Oshidar, Shiraz
942 ## - ADDED ENTRY ELEMENTS (KOHA)
Suppress in OPAC 0
Holdings
Withdrawn status Lost status Source of classification or shelving scheme Damaged status Not for loan Home library Current library Shelving location Date acquired Total Checkouts Full call number Barcode Date last seen Copy number Price effective from Koha item type
    Dewey Decimal Classification     London London Journals 17/06/2004   ABS67955 126493-1001 06/08/2019 1 06/08/2019 Journal article